000 00578nam a2200193 a 4500
001 000012065
005 20240530073913.0
008 091104s1994 dr 001 f spa d
040 _aDO-SdBNP
_bspa
_cBNPHU
082 _aRD863.44
_bD138f
100 1 _aD'Alcalá, Diego,
_d1941-
_928503
245 1 3 _aLa frontera /
_cDiego D'Alcalá.
260 _aSanto Domingo :
_bTaller,
_c1994.
300 _a379 p. ;
_c21 cm.
590 _aInventariado, 2019/VM
650 0 _aNovela dominicana
_9223
650 0 _aLiteratura dominicana.
_967
910 _aValidado. Control de calidad MMOLINA
999 _c11732
_d11732